000 00755nam a2200229 i 4500
001 55217
003 ES-MaACL
005 20251003185426.0
007 t|
008 030916s1965 sp ||||1| spa d
100 1 _aDella Corte, Andrea.
_943532
245 1 0 _aHistoria de la música /
_cA. Della Corte, G. Pannain ; [traducción por Higinio Anglés ; actualizada por José Subirá].
250 _a2ª ed.
260 _aBarcelona :
_bLabor,
_c[1965]
300 _a3 v., 155 lám. :
_bil. ;
_c26 cm.
650 4 _aMúsica-
_vHistoria
_915391
700 1 _aPannain, G.
_988799
700 1 _aAnglés, Higinio,
_d1888-1969
_921747
700 1 _aSubirá, José,
_d1882-1980
_9108686
852 _aES-MaACL
_jC-27921-23
999 _c55217
_d55217